[Event "Buenos Aires op 3rd"]
[Site "Buenos Aires"]
[Date "2025.07.15"]
[Round "7"]
[White "Amelunge Moreno, Oscar Alejandro"]
[Black "Lainez Reyes, Isaac William"]
[Result "0-1"]
[WhiteElo "1676"]
[BlackElo "1890"]
[PlyCount "64"]
[EventDate "2025.07.11"]
[EventType "swiss"]
[EventRounds "9"]
[EventCountry "ARG"]
[SourceTitle "CB30_2025"]
[SourceDate "2025.07.23"]
[SourceVersion "1"]
[SourceVersionDate "2025.07.23"]
[SourceQuality "1"]

1. Nf3 c5 2. g3 d6 3. Bg2 Nf6 4. 0-0 e6 5. d3 Be7 6. Nbd2 Nc6 7. e4 Rb8 8. Re1 Qc7 9. b3 d5 10. Bb2 d4 11. e5 Nd5 12. h4 b5 13. Nf1 a5 14. a4 bxa4 15. Rxa4 Bd7 16. Ra1 Ncb4 17. N3d2 a4 18. bxa4 Ra8 19. Nc4 Rxa4 20. Nfd2 Rxa1 21. Bxa1 Ba4 22. Nb3 Bxb3 23. cxb3 0-0 24. h5 Rb8 25. Bb2 Qa7 26. h6 g6 27. f4 Bf8 28. f5 Bxh6 29. f6 Ne3 30. Qf3 Nxd3 31. Ra1 Qc7 32. Ra2 Nxe5 0-1

[Event "Pan American-ch U12 34th"]
[Site "Orlando"]
[Date "2024.07.15"]
[Round "1"]
[White "Amelunge Moreno, Oscar Alejandro"]
[Black "Guo, Ethan"]
[Result "0-1"]
[WhiteElo "1609"]
[BlackElo "2159"]
[PlyCount "74"]
[EventDate "2024.07.15"]
[EventType "swiss"]
[EventRounds "9"]
[EventCountry "USA"]
[SourceTitle "EXT 2025"]
[Source "ChessBase"]
[SourceDate "2024.10.14"]
[SourceVersion "1"]
[SourceVersionDate "2024.10.14"]
[SourceQuality "1"]

1. Nf3 d5 2. g3 Nd7 3. Bg2 e5 4. d3 Ngf6 5. 0-0 Bd6 6. e3 0-0 7. c4 dxc4 8. dxc4 e4 9. Nfd2 Re8 10. Nc3 Nc5 11. Qc2 Bf5 12. Nb3 Nd3 13. a3 Bg6 14. Bd2 c6 15. Nd4 Be5 16. Nde2 Qd7 17. b4 Rad8 18. Rad1 Qe6 19. c5 Qc4 20. Rb1 Bh5 21. Nc1 a5 22. bxa5 Nxc5 23. Rb4 Qa6 24. Re1 Qxa5 25. Nb3 Nxb3 26. Rxb3 Qc5 27. Rc1 b5 28. Nxe4 Qxc2 29. Nxf6+ Bxf6 30. Rxc2 Bd1 31. Rbb2 Bxb2 32. Rxb2 Re6 33. Bb4 h5 34. Ba5 Rd3 35. Bb4 g5 36. Bf1 Rd8 37. Rb1 Bf3 0-1

[Event "Iberoamerican-ch 9th"]
[Site "Panama City"]
[Date "2023.11.28"]
[Round "5"]
[White "Amelunge Moreno, Oscar Alejandro"]
[Black "Navarro Barrios, Andres Daniel"]
[Result "1-0"]
[WhiteElo "1162"]
[BlackElo "1043"]
[PlyCount "59"]
[EventDate "2023.11.25"]
[EventType "swiss"]
[EventRounds "9"]
[EventCountry "PAN"]
[SourceTitle "CBM 217 Extra"]
[Source "ChessBase"]
[SourceDate "2024.01.31"]
[SourceVersion "1"]
[SourceVersionDate "2024.01.31"]
[SourceQuality "1"]

1. Nf3 Nf6 2. g3 g6 3. Bg2 Bg7 4. 0-0 0-0 5. d4 d6 6. c4 Nbd7 7. Nc3 e5 8. dxe5 Nxe5 9. Nxe5 dxe5 10. Be3 Be6 11. Qxd8 Rfxd8 12. b3 c6 13. Rad1 Rac8 14. Bxa7 Nd7 15. Be3 Ra8 16. a4 b6 17. Bxc6 Rac8 18. Bxd7 Rxd7 19. Rxd7 Bxd7 20. Nd5 Bc6 21. Ne7+ Kf8 22. Nxc8 Ke8 23. Nxb6 Kd8 24. Rd1+ Kc7 25. Nd5+ Kb7 26. Nb4 Bf8 27. Nxc6 Kxc6 28. a5 Kb7 29. Rd7+ Kc6 30. Ra7 1-0